Developing number knowledge (Record no. 39908)

MARC details
000 -LEADER
fixed length control field 00813nam a2200181 a 4500
008 - FIXED-LENGTH DATA ELEMENTS--GENERAL INFORMATION
fixed length control field 151015c20129999||||||||||||||||| || u
050 ## - LIBRARY OF CONGRESS CALL NUMBER
Classification number CD/ LB 3051 Wri
100 ## - MAIN ENTRY--PERSONAL NAME
Personal name Ellemor-Collins, David
245 10 - TITLE STATEMENT
Title Developing number knowledge
Statement of responsibility, etc. by Robert J. Wright; David Ellemor-Collins and Pamela D. Tabor
Medium [cd-rom]
260 ## - PUBLICATION, DISTRIBUTION, ETC.
Place of publication, distribution, etc. London:
Name of publisher, distributor, etc. SAGE Publications
Date of publication, distribution, etc. 2012
300 ## - PHYSICAL DESCRIPTION
Extent CD-ROM
500 ## - GENERAL NOTE
General note Accompanies a textbook: Developing number knowledge: assessment, teaching and intervention with 7-11-year-olds
650 #0 - SUBJECT ADDED ENTRY--TOPICAL TERM
Topical term or geographic name entry element MATHEMATICS--STUDY AND TEACHING (ELEMENTARY)
650 #0 - SUBJECT ADDED ENTRY--TOPICAL TERM
Topical term or geographic name entry element EDUCATIONAL TESTS AND MEASUREMENTS
700 ## - ADDED ENTRY--PERSONAL NAME
Personal name Tabor, Pamela D
700 ## - ADDED ENTRY--PERSONAL NAME
Personal name Wright, Robert J
995 ## - RECOMMENDATION 995 [LOCAL, UNIMARC FRANCE]
-- CBU-MAIN LIBRARY (Kitwe)
-- 1
-- AVAILABLE
-- Oct 15, 2015
-- e-Media Collection
Holdings
Withdrawn status Lost status Source of classification or shelving scheme Damaged status Not for loan Home library Current library Shelving location Date acquired Total Checkouts Full call number Barcode Date last seen Price effective from Koha item type
          CBU-MAIN LIBRARY, KITWE. CBU-MAIN LIBRARY, KITWE.   11/30/2022   CD/ LB 3051 Wri 20142349 11/30/2022 11/30/2022 MONOGRAPH